Les méchants Disney/Pixar - Statistiques

Statistiques générales
  • Ce quiz a été pris 223 fois
  • Le résultat moyen est 8 sur 12
Statistiques - réponses
Par images Réponse % Correct
Cruella
96%
Jafar
95%
Scar
95%
Maléfique
93%
Hadès
85%
Iago
64%
Mère Gothel
63%
Cerbère
54%
Yzma
52%
Lotso
50%
Prince Jean
44%
Peine et panique
36%
Aucun quiz correspondant
Distribution des résultats
% des personnes avec chaque résultat
Percentile par nombre de réponses
Votre historique - résultats
Vous n’avez pas pris ce quiz